| 000 | 02762cam a2200361 a 4500 | ||
|---|---|---|---|
| 001 | 16298293 | ||
| 005 | 20170105102842.0 | ||
| 008 | 100623s2011 nyua b 001 0 eng | ||
| 010 | _a 2010023997 | ||
| 020 | _a9780415884266 | ||
| 020 | _a0415884268 | ||
| 035 | _a(OCoLC)ocn606777110 | ||
| 040 |
_aDLC _cDLC _dYDX _dBTCTA _dYDXCP _dCDX _dBWX _dSBM _dDLC |
||
| 050 | 0 | 0 |
_aPN4815.2 _b.J68 2011 |
| 082 | 0 | 0 |
_a070.43 _222 |
| 245 | 0 | 0 |
_aJournalists, sources and credibility : _bnew perspectives / _cedited by Bob Franklin and Matt Carlson. |
| 260 |
_aNew York : _bRoutledge, _c2011. |
||
| 300 |
_aviii, 203 p. : _bill. ; _c24 cm. |
||
| 490 | 1 |
_aRoutledge research in journalism ; _v1 |
|
| 504 | _aIncludes bibliographical references and index. | ||
| 505 | 0 | _aIntroduction / Matt Carlson and Bob Franklin -- Credibility, transparency and diversity. Source credibility as a journalistic work tool / Zvi Reich -- Wither anonymity? journalism and unnamed sources in a changing media environment / Matt Carlson -- Journalists as "unwilling" sources: transparency and the new ethics of journalism / Angela Phillips -- Activist media as mainstream model: what can professional journalists learn from indymedia? / Chris Atton -- Entrenched practices, entrenched sources. Rules, recycling, filters and conspiracies: Nick Davies and the propaganda model / Julian Petley -- Sources, credibility and the continuing crisis of UK journalism / Bob Franklin -- Sourcing business news: a case study of public relations uptake / Tom Van Hout -- Sources of arts journalism: who's writing the arts pages? / Lucinda Strahan -- Citizens and sourcing: finding a way forward -- Are citizens becoming sources? A look into Flemish journalists? professional contacts / Jeroen De Keyser, Karin Raeymaeckers and Steve Paulussen -- The limits of audience participation: UGC @ the BBC / Andrew Williams, Claire Wardle and Karin Wahl Jorgensen -- The scope of user generated content: user contributions within online journalism / Annika Bergstrom -- Citizen journalism and everyday life: a case study of Germany's myheimat.de / Axel Bruns. | |
| 650 | 0 |
_aJournalism _xHistory _y21st century. |
|
| 650 | 0 | _aAttribution of news. | |
| 650 | 0 | _aJournalistic ethics. | |
| 650 | 0 | _aCitizen journalism. | |
| 700 | 1 |
_aFranklin, Bob, _d1949- |
|
| 700 | 1 |
_aCarlson, Matt, _d1977- |
|
| 830 | 0 |
_aRoutledge research in journalism ; _v1. |
|
| 856 | 4 | 2 |
_3Contributor biographical information _uhttp://www.loc.gov/catdir/enhancements/fy1113/2010023997-b.html |
| 906 |
_a7 _bcbc _corignew _d1 _eecip _f20 _gy-gencatlg |
||
| 942 |
_2ddc _cBK |
||
| 999 |
_c13908 _d13908 |
||